<?xml version="1.0" encoding="UTF-8"?>
<record
    xmlns:xsi="http://www.w3.org/2001/XMLSchema-instance"
    xsi:schemaLocation="http://www.loc.gov/MARC21/slim http://www.loc.gov/standards/marcxml/schema/MARC21slim.xsd"
    xmlns="http://www.loc.gov/MARC21/slim">

  <leader>01338    a2200181   4500</leader>
  <controlfield tag="003">Nust</controlfield>
  <controlfield tag="005">20221024142651.0</controlfield>
  <datafield tag="020" ind1=" " ind2=" ">
    <subfield code="a">8121908175</subfield>
  </datafield>
  <datafield tag="040" ind1=" " ind2=" ">
    <subfield code="c">Nust</subfield>
  </datafield>
  <datafield tag="082" ind1=" " ind2=" ">
    <subfield code="a">621.3,AVA</subfield>
  </datafield>
  <datafield tag="100" ind1=" " ind2=" ">
    <subfield code="a">Avadhanulu, M.N.</subfield>
    <subfield code="9">101277</subfield>
  </datafield>
  <datafield tag="245" ind1=" " ind2=" ">
    <subfield code="a">A textbook of engineering physics / </subfield>
    <subfield code="c">M. N. Avadhanulu and P.G. Kshirsagar</subfield>
  </datafield>
  <datafield tag="260" ind1=" " ind2=" ">
    <subfield code="a">New Delhi</subfield>
    <subfield code="b">S. Chand</subfield>
    <subfield code="c">c1992</subfield>
  </datafield>
  <datafield tag="300" ind1=" " ind2=" ">
    <subfield code="a">xiv, 758p.</subfield>
  </datafield>
  <datafield tag="505" ind1=" " ind2=" ">
    <subfield code="a">Electric and Magnetic Fields (Page-1), Mazwell's Equations (Page-28), Elctron Emission (Page-36), Electron Ballistics Electric and Magnetic Fields (Page-1), Mazwell's Equations (Page-28), Elctron Emission (Page-43), Electron Optics(Page-70), Properties of Light (Page-105), Interference and Diffraction (Page-142), Polarization (Page-181),Special Theory of Relativity (Page-224),Elements of Thermodynamics (Page-252), Architectural Acoustics (Page-277), Ultrasonics (Page-295), Atomicphysics (Page-305), Lasers (Page-395), Atomicnucleus and Nuclearenergy (Page-422),Structure of Solids (Page-468), The Bad Theory of Solids (Page-506), Semiconductors (Page-527), PN- Junction Diode (Page-564),Bipolar junction Transistor (Page-589), Magnetic Materials (Page-608),Super Conductivity (Page-644), Dielectrics (Page-665),Fiber Optics (Page-698), Digital Electronics (Page-726).</subfield>
  </datafield>
  <datafield tag="650" ind1=" " ind2=" ">
    <subfield code="a">Telecommunication Engineering</subfield>
  </datafield>
  <datafield tag="942" ind1=" " ind2=" ">
    <subfield code="2">ddc</subfield>
    <subfield code="c">BK</subfield>
  </datafield>
  <datafield tag="999" ind1=" " ind2=" ">
    <subfield code="c">188447</subfield>
    <subfield code="d">188447</subfield>
  </datafield>
  <datafield tag="952" ind1=" " ind2=" ">
    <subfield code="0">0</subfield>
    <subfield code="1">0</subfield>
    <subfield code="2">ddc</subfield>
    <subfield code="4">0</subfield>
    <subfield code="7">0</subfield>
    <subfield code="a">MCS</subfield>
    <subfield code="b">MCS</subfield>
    <subfield code="c">GEN</subfield>
    <subfield code="d">2016-12-12</subfield>
    <subfield code="o">621.3,AVA</subfield>
    <subfield code="p">MCS34646</subfield>
    <subfield code="r">2016-12-08</subfield>
    <subfield code="w">2016-12-12</subfield>
    <subfield code="y">BK</subfield>
    <subfield code="z">Almirah No.27, Shelf No.6</subfield>
  </datafield>
</record>
